000 00300nam a22001337a 4500
008 170622b xxu||||| |||| 00| 0 eng d
020 _a670637823
041 _aeng
080 _a94(4)
100 _a16
101 _aSHH
245 _aTHE SHADOW OF THE WINTER PALACE
_cCRANKSHAW,E
942 _2udc
_cBK
999 _c18578
_d18578